[Event "Gausdal GM-A"]
[Site "Gausdal"]
[Date "2005.04.17"]
[Round "5"]
[White "Tiviakov, Sergei"]
[Black "Bogner, Sebastian"]
[Result "1-0"]
[WhiteElo "2631"]
[BlackElo "2409"]
[Annotator "Bangiev,A"]
[PlyCount "99"]
[EventDate "2005.04.13"]
[EventType "tourn"]
[EventRounds "9"]
[EventCountry "NOR"]
[EventCategory "10"]
[SourceTitle "CBM 107"]
[Source "ChessBase"]
[SourceDate "2005.08.01"]
[SourceVersion "1"]
[SourceVersionDate "2005.08.01"]
[SourceQuality "1"]

1. e4 c5 2. Nc3 Nc6 3. Bb5 Nd4 4. Bc4 e6 5. Nge2 Nf6 6. O-O a6 {/\b5 Dies soll
unter Tempogewinn Bb5 verhindern. Siehe 9.Ba2.} (6... d5 7. exd5 exd5 8. Nxd5
$1 Nxd5 9. Nxd4 cxd4 10. Qh5 Be6 11. Re1 $16 Nf4 (11... g6 12. Qxd5) (11... Be7
12. Rxe6) 12. Bb5+ Ke7 13. Qg5+) 7. a4 d5 8. exd5 exd5 9. Ba2 (9. Nxd5 $2 Nxd5
10. Nxd4 cxd4 11. Qh5 Be6 12. Re1 Nf4 $17) 9... Bg4 (9... Be7 10. Nxd4 cxd4 11.
Ne2) (9... Nc6 10. d4) (9... Nxe2+ 10. Qxe2+ Be7 11. d3) 10. d3 Bd6 (10...
Nxe2+ $142 11. Nxe2 Be7) 11. f3 Be6 {[%csl Gd4] Weiß soll hier die Ziele der
d4-Strategie verfolgen, d.h. bestrebt sein die schwarzen Felder, vor allem das
Feld d4, zu sichern, die schwarzfeldrige Initiative zu entfalten, und
unbedingt die feindlichen Steine befragen, die die schwarzen Felder
verteidigen.} (11... Nxe2+ 12. Qxe2+ Be6 13. f4 O-O 14. f5 Bd7 15. Nxd5 $14)
12. Nxd4 $1 {Pc5 ist dadurch befragt} cxd4 13. Ne2 {Pd4 ist dadurch befragt;
Die Bauerschwäche auf d4 erlaubt Weiß eine schwarzfeldrige Initiative zu
entfalten.} Qb6 14. Bd2 {/\Be1 gefolgt von Bf2} (14. Bb3 {/\Bd2}) 14... Rc8 (
14... Qxb2 $2 15. Bb3) 15. Bb3 {Schwarz verfügt über eine solide Stellung, hat
aber kaum aktive Möglichkeiten. Man beachte, die einzige weiße Bauernschwäche
auf c2 ist ausreichend gedeckt (Bb3).} (15. Be1 Qc7 16. Kh1 (16. Bb3 Bxh2+)
16... Qxc2) 15... O-O 16. Be1 Qc7 17. Bg3 $1 {Der Bd6 ist befragt. Der Tausch
des Bd6 soll es Weiß ermöglichen, die schwarzen Felder zu erobern.} (17. h3 Nh5
) 17... Bxg3 18. hxg3 {Nun (nach dem Abtausch der schwarzfeldrigen Läufer)
soll Weiß bestrebt sein die schwarzen Felder zu erobern.} Rfe8 19. Qe1 Bd7 (
19... Nd7 20. Qf2 Nc5 21. Nxd4 Nxb3 22. cxb3 $14 {[%csl Gd4]}) 20. Qf2 {
Pd4 ist befragt.} Nh5 21. Rfe1 Bc6 22. g4 {Nh5 ist befragt.} (22. f4 Nf6 (22...
Re3 23. Nxd4) 23. Nxd4 Bd7 $14) 22... Nf4 23. Nxd4 $14 {[%csl Gd4][%cal Yd4e5,
Yf4g5,Yf6g7] Das Feld ist besetzt; Weiß soll den Pg7 angreifen; /\Nf5 /\Qd4,
Die wichtigen Felder für Weiß sind die Felder d4,e5,f4,g5,f6,g7} h5 $5 (23...
Bd7 $5 {um Nf5 zu verhindern}) 24. gxh5 Re5 (24... Nxh5 25. Qh4 $16 {[%cal
Yf4g5,Yd4e5]}) 25. Rxe5 Qxe5 26. Re1 Qg5 {/\Nh3} (26... Qxh5 27. Qg3 $16 {
[%cal Yf6g7,Yf4g5]}) 27. Kf1 {/\g4 gefolgt von Nf5} Nxh5 {/\Ng3} (27... Bd7 28.
g4 $16) 28. g4 Nf4 29. Nf5 $16 Rc7 30. Qb6 Rc8 31. Qd4 {[%csl Gd4,Gg7][%cal
Yd4e5][%mdl 160]} Ne6 {[%csl Gd4,Gg7]} 32. Qe5 {[%csl Gc7,Gd4,Gg7]} (32. Rxe6 {
[%mdl 64] Man beachte: Das Feld ist angegriffen.} fxe6 {[%csl Gg7]} 33. f4 {
Schwarz ist nicht in der Lage die Felder e7 bzw. g7 zu verteidigen.} Qxg4 34.
Ne7+ Kf7 35. Nxc8 g5 $132) 32... g6 33. f4 Qd8 34. Nh6+ Kh7 35. Nxf7 Qh4 36.
Qxe6 Qh3+ 37. Ke2 Qh2+ 38. Kd1 Re8 39. Ng5+ Kh6 40. Qf6 Rxe1+ 41. Kxe1 Qg1+ 42.
Kd2 Qf2+ 43. Kc3 Qe1+ 44. Kd4 Qf2+ 45. Ke5 Qe3+ 46. Kd6 Qe8 47. Nf7+ Kh7 48.
Qh8+ Qxh8 49. Nxh8 Kxh8 50. f5 1-0

[Event "RUS-Cup01 Chigorin Memorial"]
[Site "St Petersburg"]
[Date "1997.11.09"]
[Round "9"]
[White "Kobalia, Mihail"]
[Black "Lerner, Konstantin Z"]
[Result "1/2-1/2"]
[WhiteElo "2495"]
[BlackElo "2560"]
[Annotator "Bangiev,A"]
[PlyCount "67"]
[EventDate "1997.11.01"]
[EventType "swiss"]
[EventRounds "9"]
[EventCountry "RUS"]
[SourceTitle "CBM 062"]
[Source "ChessBase"]
[SourceDate "1998.01.31"]
[SourceVersion "1"]
[SourceVersionDate "1998.01.31"]
[SourceQuality "1"]

1. e4 c5 2. Nc3 Nc6 3. f4 e6 4. Nf3 d5 5. Bb5 Nf6 6. Ne5 Qc7 7. d3 (7. Qf3)
7... Be7 8. O-O O-O 9. Bxc6 bxc6 10. b3 (10. Qe1 Ne8 11. Na4 c4 12. dxc4 Ba6
13. b3 Nf6 14. exd5 cxd5 15. Nb2 Ne4 16. Rf3 f6 17. Ned3 f5 18. cxd5 Qxc2 19.
Nc4 exd5 20. Nce5 Bxd3 21. Rxd3 Bb4 22. Qd1 Qxd1+ 23. Rxd1 Bc3 24. Be3 Bxa1 25.
Rxa1 Rac8 {0-1 Shofman,M-Boleslavsky,I/URS-chT 1962/MCD-ch}) (10. Qe2) 10... c4
$5 (10... Ba6 11. Qe1 Bd6 12. Ba3 $14) 11. bxc4 Bc5+ 12. Kh1 Bd4 13. Qe1 dxe4 (
13... dxc4 14. Nxc4 $16) 14. Rb1 $5 exd3 15. cxd3 Rd8 {[%csl Yd3]} (15... Ba6
16. Nf3) 16. Ne4 $5 (16. Ne2 Bxe5 17. fxe5 Qxe5 18. Bb2 (18. d4 Qh5 $15) 18...
Qg5 $13) (16. Nf3 Bc5 17. Ne4 Be7 $11) 16... Ne8 $6 (16... Bxe5 17. fxe5 Nxe4
18. Qxe4 $14) (16... Nxe4 $5 17. Qxe4 {[%csl Rc6]} Bb7 18. Nf3 Bf6 19. Be3 $13)
17. Nf3 c5 (17... Bb6 18. Qe2 $13) 18. Nxd4 cxd4 (18... Rxd4 $6 19. Qc3 {
[%csl Rc5] /\Be3 bzw.Nxc5}) 19. Bd2 $36 {[%cal Yc3a5]} Rb8 (19... a5 20. Rb5
$16) 20. Rxb8 Qxb8 21. Ba5 Rd7 22. f5 $1 $16 {[%csl Re6]} Rb7 (22... Re7 23.
Bd8 Rb7 24. Nc5 $16) 23. fxe6 $6 (23. Nc5 $1 e5 (23... Re7 24. Bd8 $16) (23...
Rb2 24. fxe6 $16) 24. Nxb7 Bxb7 25. Bd2 $16) 23... Bxe6 24. Ng5 $6 (24. Nc5 Re7
25. Qf2 $16) 24... Bf5 $1 $132 25. Ne4 Rb2 26. a3 Nf6 27. Bc7 Qb7 28. Nxf6+
gxf6 29. Qg3+ Bg6 30. h4 Rb1 $11 31. Rxb1 Qxb1+ 32. Kh2 Qxd3 33. Qxd3 Bxd3 34.
Bb8 1/2-1/2

[Event "ISR-chT"]
[Site "Ramat Aviv"]
[Date "2000.01.28"]
[Round "3.1"]
[White "Sutovsky, Emil"]
[Black "Gelfand, Boris"]
[Result "1-0"]
[WhiteElo "2597"]
[BlackElo "2692"]
[Annotator "Bangiev,A"]
[PlyCount "131"]
[EventDate "2000.01.14"]
[EventType "team"]
[EventRounds "11"]
[EventCountry "ISR"]
[SourceTitle "CBM 077"]
[Source "ChessBase"]
[SourceDate "2000.07.27"]
[SourceVersion "1"]
[SourceVersionDate "2000.07.27"]
[SourceQuality "1"]
[WhiteTeam "Petah Tikva Elitzur"]
[BlackTeam "Rishon Le Zion Kasparov"]
[WhiteTeamCountry "ISR"]
[BlackTeamCountry "ISR"]

1. e4 c5 2. Nc3 d6 3. f4 g6 4. Nf3 Bg7 5. Bc4 Nc6 6. O-O e6 7. d3 Nge7 8. Qe1
h6 9. Bb3 a6 10. a4 Rb8 {/\b5} 11. Be3 {[%mdl 8]} b6 (11... b5 12. axb5 axb5
13. e5 $1 Nf5 14. exd6 Ncd4 15. Ne4) 12. Qh4 {Dies ist gegen den schwarzen
Vorstoß d6-d5 gerichtet.} Na5 (12... Bb7) (12... d5 13. exd5 exd5 14. Nxd5 g5 (
14... Nxd5 15. Qxd8+ Kxd8 16. Bxd5 Nb4 17. Bb3 $14) 15. Nxe7 gxh4 16. Nxc6 Qc7
17. Nxb8 Qxb8 18. a5 $36) 13. Ba2 Nec6 (13... Nac6 $142 14. Rad1 (14. Qf2 d5)
14... Nd4 15. Bxd4 cxd4 16. Ne2 Nc6 17. Qxd8+ Kxd8 18. c3 dxc3 19. bxc3) 14.
Qg3 Nb4 (14... Nd4 15. Bxd4 cxd4 16. Ne2 Nc6 17. f5 $1 $36) 15. f5 $5 {[%mdl
512]} Nxa2 (15... Nxc2 16. fxe6 Nxe3 17. exf7+ Kd7 (17... Kf8 $2 18. Nh4) 18.
Qxg6 $5 Bxc3 19. e5 Kc7 (19... dxe5 20. Nxe5+ Bxe5 21. Qe6+ Kc7 22. Qxe5+ Kb7
23. Qxe3 $44) 20. bxc3 Nxf1 21. Rxf1 Rf8 (21... dxe5 22. Nxe5 Rf8 23. Qxh6 $36)
22. e6) 16. Nxa2 exf5 17. exf5 Bxf5 18. Nh4 Be5 (18... Be6 19. Nxg6 $1) 19. Bf4
Bxf4 20. Qxf4 (20. Rxf4 Be6 $17) 20... Be6 21. Nxg6 $1 {[%mdl 512]} fxg6 (21...
Rg8 22. Rae1 $40) 22. Rae1 Qe7 (22... Kd7 $2 23. Rxe6 $1) 23. Nc3 Kd7 24. Nd5
Bxd5 (24... Qg5 25. Nf6+ Ke7 26. Rxe6+ Kxe6 27. Qe4+ Qe5 28. Qxg6 $18) 25.
Rxe7+ Kxe7 26. b4 Nc6 (26... cxb4 $6 27. Qd4 $16 {[%cal Rd4g7,Rd4d5]}) 27. Qf6+
Kd7 28. c4 $14 Nxb4 29. cxd5 Nxd5 30. Qxg6 Rbe8 31. h3 Kc6 32. Rf7 Rhg8 33. Rg7
Re1+ 34. Kf2 Rge8 35. Qxh6 R8e2+ 36. Kg3 Ne3 37. Qh7 Rxg2+ 38. Kf3 Rxg7 39.
Qxg7 Nf5 40. Qa7 a5 41. Qa8+ Kc7 42. Qa7+ Kc6 43. Qb8 Nd4+ 44. Kf2 Re2+ 45. Kf1
Re3 46. h4 Rxd3 47. h5 Rd1+ 48. Kg2 Rd2+ 49. Kh3 Rf2 50. h6 Rf6 51. Qa8+ Kc7
52. h7 Rh6+ 53. Kg2 Rxh7 54. Qa7+ Kc6 55. Qxh7 b5 56. Qa7 b4 57. Qxa5 Kd5 58.
Qb6 b3 59. a5 Kc4 60. a6 Nb5 61. Qxb5+ Kxb5 62. a7 b2 63. a8=Q Kc4 64. Qa2+ Kc3
65. Kf2 d5 66. Qa3+ 1-0

[Event "Sanjin Hotel Cup 2nd"]
[Site "Tiayuan"]
[Date "2005.07.18"]
[Round "9"]
[White "Harikrishna, Pentala"]
[Black "Bu, Xiangzhi"]
[Result "1-0"]
[WhiteElo "2645"]
[BlackElo "2632"]
[Annotator "Bangiev,A"]
[PlyCount "71"]
[EventDate "2005.07.09"]
[EventType "tourn"]
[EventRounds "11"]
[EventCountry "CHN"]
[EventCategory "15"]
[SourceTitle "CBM 108"]
[Source "ChessBase"]
[SourceDate "2005.09.26"]
[SourceVersion "1"]
[SourceVersionDate "2005.09.26"]
[SourceQuality "1"]

1. e4 c5 2. Nc3 a6 3. f4 b5 4. g3 Bb7 5. Bg2 e6 (5... d6 6. Nh3 Nf6 7. O-O e6
8. d3 Nc6 9. g4 h6 10. g5 Nd7 11. g6 fxg6 12. f5 e5 13. fxg6 {1-0 Luther,
T-Gheorghiu,F/Crans Montana 1999/EXT 2000 (46)}) 6. d3 (6. Qe2 Nc6 7. d3 Nd4 8.
Qf2 Nf6 9. h3 b4 10. Nd1 Qa5 11. b3 Rc8 12. Bb2 Be7 13. Ne3 O-O 14. Ne2 Nxe2
15. Qxe2 d5 {1/2-1/2 Zeidler,S-Sulava,N/Istanbul 2000/EXT 2001 (29)}) 6... d5 (
6... Nc6 7. Nf3 d6 8. O-O Qc7 9. f5 e5 10. Nd5 Qd8 11. Bg5 Be7 12. Nxe7 Ncxe7
13. Nh4 f6 14. Be3 Qd7 {0-1 Faulks,N-Tyomkin,D/Paget Parish 2001/EXT 2002 (32)}
) (6... Be7 7. Nf3 Nf6 8. O-O O-O 9. h3 c4 10. g4 cxd3 11. cxd3 Nc6 12. Ne2 Rc8
13. Ng3 Nb4 14. Ne1 Qc7 15. Bd2 Nc2 16. Nxc2 Qxc2 17. Bc3 {1-0 Perelshteyn,
E-Rohde,M/Philadelphia 1996/EXT 2001 (47)}) 7. Qe2 (7. exd5 b4 8. Ne4 exd5 9.
Ng5 h6 10. Qe2+ Be7 11. N5f3 Nc6 12. Be3 d4 13. Bd2 Nf6 14. Nh3 O-O 15. O-O Qd7
{1-0 Hernandez,G-Randazzo,A/Dos Hermanas 2004/CBM 099 ext (83)}) 7... Nc6 (7...
d4 8. Nd1 Nf6 9. Nf2 Be7 10. g4 Nc6 11. Nf3 Nd7 12. g5 Qc7 13. Bd2 e5 14. Bh3
exf4 15. Bxd7+ Qxd7 16. Bxf4 Qe6 17. Nh4 g6 {0-1 Farley,T-Borisek,J/Mallorca
2004/CBM 102 ext (45)}) 8. Nf3 Nd4 9. Nxd4 $1 {In diesem Zug steckt der Kern
der weißen Eröffnungsidee: Nd4 wird beseitigt, Nc3 geht über d1 nach f2; Pe4
bleibt unter weißer Kontrolle; Die Bauernschwäche e auf d4 wird zum
Angriffsziel, die Bauernschwäche e auf c2 nimmt Weiß in Kauf;.} cxd4 10. Nd1
dxe4 {[%mdl 8]} (10... Bb4+ 11. Bd2 Bxd2+ 12. Qxd2 Qb6 13. O-O Ne7 14. f5 dxe4
15. dxe4 d3+ 16. Qe3 Qxe3+ 17. Nxe3 dxc2 18. Rac1 Rc8 19. Rf2 {1-0 Giorgadze,
G-Marin,M/Cala Galdana 2001/CBM 084 ext (41)}) 11. dxe4 Rc8 12. O-O Nf6 (12...
Qc7 13. Bd2 Qxc2 14. Rc1 Qa4 15. Nf2) 13. Nf2 Be7 {[%csl Ge4][%cal Ye4f5,Gd4e5]
Die Figurenentwicklung geht vor, die Bauernschwäche e auf c2 bleibt verschont.}
(13... Qc7 14. Bd2 Qxc2 15. Nd3 Qc7 16. Rac1 Qd8 17. Rxc8 Qxc8 18. Ba5 Qa8 (
18... Qb8 19. Rc1) 19. Re1 Qa7 (19... Be7 20. Bb6) 20. Qc2 $36) 14. b3 {/\Bb2}
(14. Rd1) 14... O-O 15. Bb2 {[%cal Gd4e5] Pd4 ist angegriffen, Weiß ist damit
im Vorteil.} Qb6 {[%csl Ge4][%cal Gd4e5]} (15... Bc5 16. Rad1) (15... Bb4 16.
Rfd1 Bc3 17. Bxc3 Rxc3 18. Qd2) 16. Rad1 (16. Rfd1 $142) 16... Rfd8 {[%csl Ge4]
[%cal Gd4e5]} 17. Rd3 {/\Rfd1} Qc7 {[%csl Gc2]} (17... b4 18. Rfd1 Bc5 19. Qd2)
(17... Bc5 18. Rfd1) 18. Rc1 {[%csl Gc2]} (18. Bxd4 Qxc2 $11) 18... e5 {
[%csl Ge4][%cal Ye4f5,Gd4e5]} (18... Bc5 $142) 19. fxe5 {[%cal Gd4e5]
Konsequent und energisch!} (19. c3 $5 {[%cal Gd4e5]}) (19. f5 {[%csl Ge4][%cal
Ye4f5]}) 19... Qxe5 20. Rcd1 {[%cal Gd4e5]} Qh5 21. Bf3 Qg6 22. Bxd4 $16 Re8
23. c3 Bf8 24. e5 {[%csl Gd4][%cal Yd4e5]} Bxf3 25. Rxf3 {[%csl Gd7,Gf7]} Nd7 {
[%csl Gf7]} 26. Nd3 Nc5 27. Nxc5 Bxc5 28. Bxc5 {[%csl Gd7,Gf7]} Rxc5 29. Rd7
$18 {[%csl Gf7]} Rf8 (29... Rcxe5 $2 30. Qxe5) 30. Rd6 Qh5 31. e6 Rc7 32. Rd7
Qc5+ 33. Qe3 Qxe3+ 34. Rxe3 Rcc8 35. e7 Rfe8 36. Red3 1-0

[Event "American Continental 3rd"]
[Site "Buenos Aires"]
[Date "2005.08.07"]
[Round "2"]
[White "Ibragimov, Ildar"]
[Black "Real de Azua, Ernesto"]
[Result "1-0"]
[WhiteElo "2605"]
[BlackElo "2386"]
[Annotator "Bangiev,A"]
[PlyCount "67"]
[EventDate "2005.08.06"]
[EventType "swiss"]
[EventRounds "11"]
[EventCountry "ARG"]
[SourceTitle "CBM 109"]
[Source "ChessBase"]
[SourceDate "2005.11.14"]
[SourceVersion "1"]
[SourceVersionDate "2005.11.14"]
[SourceQuality "1"]

1. e4 c5 2. Nc3 Nc6 3. Bb5 Nd4 4. Bc4 g6 5. Nf3 Bg7 6. Nxd4 cxd4 7. Qf3 Nf6 {
Damit strebt Schwarz den Vorstoß d5 an.} (7... Nh6 {wird häufiger gespielt}) 8.
Nb5 O-O {Ein Entwicklungsopfer nach R. Spielmann.} (8... d5 $5 9. exd5 Ng4 10.
h3 Ne5 11. Qb3 a6 12. Nxd4 b5 13. Be2 Bb7 {1-0 Kosintseva,T-Te Llalemand,R/
Varna 2002/CBM 088 ext (60)}) 9. Nxd4 d5 10. exd5 e5 (10... e6 11. O-O) 11. Ne2
Bg4 (11... b5 12. Bxb5 e4 13. Qg3 Qxd5 14. Nc3 $16 {0-1 Solak,D-Perunovic,M/
Subotica 2000/CBM 081 (60)}) (11... Bf5 $5 12. d3 (12. O-O Bxc2 13. d3 e4)
12... e4) 12. Qg3 {Keine aktiven Züge bei rückständiger Entwicklung. Weiß
versucht möglichst rasch die Stellung zu stabilisieren.} (12. Qb3 Rc8 $1 13. f3
Bd7) 12... Rc8 13. d3 b5 14. Bb3 (14. Bxb5 $2 Bxe2) 14... Bxe2 15. Kxe2 Nxd5
16. Re1 {Weiß verfügt über eine stabile Stellung und einen Mehrbauern. Die
einzige Schwäche auf c2 ist verteidigungsfähig, z.B.} Nb6 $6 (16... a5 $142 {
/\a4} 17. a4 (17. Kf1 a4 18. Bxd5 Qxd5 19. c3 Rfe8 $132) 17... bxa4 (17... Nb4
18. c3) 18. Bxa4 Nb6 19. c3 Nxa4 20. Rxa4 $14) 17. Bd2 $16 {verhindert a5} e4 (
17... a5 $2 18. Bxa5) 18. dxe4 Bxb2 19. Rad1 Qe7 20. Kf1 Nc4 21. Bh6 Bg7 22.
Bxg7 Kxg7 {Weiß steht mit einem Mehrbauern klar besser.} 23. Rd5 a6 24. Qd3 Qf6
25. e5 Qb6 26. Qd4 Qxd4 27. Rxd4 Rfd8 28. Rxd8 Rxd8 29. Bxc4 bxc4 30. Re3 Rd5
31. f4 Kf8 $2 ({Im Endspiel ist Figurenaktivität erforderlich, z.B.} 31... Rd2
32. Rc3 (32. Ra3 g5 33. fxg5 Kg6 34. Rxa6+ Kxg5) 32... Rd4 33. g3 f6 34. Ke2 (
34. e6 Kf8) 34... fxe5 35. fxe5 Kf7 36. Ke3 Rd5 37. Rxc4 Rxe5+) 32. Ke2 h5 33.
Ra3 a5 34. Rc3 $18 1-0

[Event "Linares Anibal op 07th"]
[Site "Linares"]
[Date "2000.01.11"]
[Round "5"]
[White "Minasian, Artashes"]
[Black "Mateo, Ramon"]
[Result "1-0"]
[WhiteElo "2600"]
[BlackElo "2425"]
[Annotator "Bangiev,A"]
[PlyCount "85"]
[EventDate "2000.01.07"]
[EventType "swiss"]
[EventRounds "10"]
[EventCountry "ESP"]
[SourceTitle "CBM 075"]
[Source "ChessBase"]
[SourceDate "2000.04.05"]
[SourceVersion "1"]
[SourceVersionDate "2000.04.05"]
[SourceQuality "1"]

1. e4 c5 2. Nc3 Nc6 3. f4 d6 4. Nf3 e6 5. Bb5 Nge7 6. d4 cxd4 7. Qxd4 a6 8.
Bxc6+ Nxc6 9. Qf2 Be7 10. Be3 b5 11. O-O-O Qc7 12. g4 Rb8 13. g5 Bd7 14. Kb1 a5
15. e5 $1 d5 (15... dxe5 $142 $5 16. fxe5 Nb4 $132) 16. Nd4 Nxd4 17. Bxd4 b4
18. Ne2 g6 $6 (18... a4 19. Nc1 (19. h4 b3) 19... O-O 20. h4 Rfc8 $132) 19. h4
Bb5 $6 20. Ng3 Rc8 21. h5 Bc5 $6 22. Rh2 Bxd4 23. Qxd4 Qc4 (23... Ba4 24. Rdd2)
24. Nh1 $1 {[%cal Yh1f2,Yf2g4,Yg4f6]} (24. hxg6 fxg6 25. Qb6 Bd7 $132) 24...
Ke7 25. h6 Rhd8 26. Rhd2 Qc6 27. Nf2 Qa6 $1 {[%cal Yc8c4]} 28. b3 {[%cal Gb3c4]
} (28. Ng4 $2 Be2) (28. Re1 $6 Rc4) (28. Qe3 Rc4 29. Ng4) 28... Be2 $1 29. Re1
Bh5 {[%cal Gh5g4]} 30. Re3 Qb5 (30... Qf1+ 31. Kb2) 31. Red3 Ra8 $36 32. c3 $1
{Da der schwarze Läufer auf h5 weit vom Damenflügel versteckt ist, beginnt der
Weiße damit, das Spiel am Damenflügel zu öffnen.} (32. Re3 a4 $36) (32. c4 $5
dxc4 (32... Qc6 33. Rc2 dxc4 34. Qxc4 Qxc4 35. Rxc4) 33. Qxd8+ $1 Rxd8 34. Rxd8
Be2 (34... c3 $2 35. R2d7+ Qxd7 36. Rxd7+ Kxd7 37. Ne4 $18) 35. R2d7+ Qxd7 36.
Rxd7+ Kxd7 37. bxc4 Kc6 $13) 32... Rdc8 $1 $36 33. Kb2 Rab8 34. Rc2 Rc4 $1 {
[%mdl 64]} 35. Qe3 (35. bxc4 $4 bxc3+) 35... a4 (35... bxc3+ $5 36. Rcxc3 a4
$36 37. Rxc4 dxc4 38. Rc3 $13) 36. cxb4 $1 Qxb4 (36... Rxb4 37. Qa7+ Rb7 38.
Rc7+ Ke8 (38... Kd8 39. Qxb7 Qxb7 40. Rxb7 Rxb7 41. Ne4 $16) 39. Qa8+ Rb8 40.
Rc8+ Ke7 41. Qxb8 (41. Qa7+ Rb7 42. Rc7+ $11) 41... Qxb8 42. Rxb8 Rxb8 43. Rd4
$14) 37. Rxc4 dxc4 38. a3 Qb5 39. Rc3 axb3 (39... Qxb3+ 40. Rxb3 Rxb3+ 41. Qxb3
axb3 42. Ne4 $16) 40. Ne4 {Es ist dem Weißen gelungen an die schwarzfeldrigen
Schwächen im schwarzen Lager heranzukommen. Weiß ist nun klar im Vorteil.} Qd5
$2 {[%mdl 8192] Ein Fehler in schwieriger Stellung.} (40... Rd8 $142 41. Nd6 (
41. Nf6 $6 Qc6 $132) 41... Qd5 42. Rxc4 (42. Qf2 $6 Kf8) 42... Qg2+ 43. Kc3 {
/\Qa7} Ra8 44. Rc7+ Kd8 (44... Kf8 45. Rxf7+ Kg8 46. Rg7+ Kf8 47. Qd2 $18) 45.
Rb7 $40 {/\Qb6} Ra6 46. Qd4 Qg3+ 47. Kb2 Qg2+ 48. Kxb3 $18) 41. Rxc4 $1 $18 Bf3
(41... Qxc4 42. Qa7+ $18) (41... Rb7 42. Qc3 $18) 42. Qa7+ Rb7 43. Rc7+ 1-0

[Event "Boavista Masters"]
[Site "Porto"]
[Date "1999.12.28"]
[Round "2"]
[White "Damaso, Rui"]
[Black "Arlandi, Ennio"]
[Result "0-1"]
[WhiteElo "2399"]
[BlackElo "2465"]
[Annotator "Bangiev,A"]
[PlyCount "34"]
[EventDate "1999.12.27"]
[EventType "tourn"]
[EventRounds "9"]
[EventCountry "POR"]
[EventCategory "9"]
[SourceTitle "CBM 075"]
[Source "ChessBase"]
[SourceDate "2000.04.05"]
[SourceVersion "1"]
[SourceVersionDate "2000.04.05"]
[SourceQuality "1"]

1. e4 c5 2. Nc3 Nc6 3. Bb5 Nd4 4. Nf3 Nxb5 5. Nxb5 a6 6. Nc3 e6 7. d4 cxd4 8.
Nxd4 d6 9. O-O (9. Be3 Nf6 10. f3 Be7 11. Qd2 O-O 12. g4 $5 b5 13. g5 Nd7 14.
O-O-O) 9... Nf6 10. Bg5 Be7 11. Qe2 (11. Qd2 $142 h6 12. Bxf6 Bxf6 13. Rad1 $36
Qb6 $6 14. Nb3 $14) 11... Nxe4 $5 12. Nxe4 (12. Bxe7 Nxc3 $17) 12... Bxg5 13.
Nxe6 $2 {[%mdl 8192]} (13. Nf5 $5 {[%cal Re4d6,Rf5d6]} exf5 (13... Be7 14.
Nxg7+) (13... O-O 14. Nfxd6) 14. Nxg5+ Kf8 (14... Qe7 15. Rfe1 Qxe2 16. Rxe2+
$36) 15. Rfe1 g6 16. Qe3 $44) 13... Bxe6 $19 (13... fxe6 $2 14. Qh5+) 14. f4
Be7 15. f5 Bc4 16. Qg4 (16. Qxc4 d5 $19) 16... Bxf1 17. Qxg7 Qb6+ 0-1

[Event "USA-ch"]
[Site "San Diego"]
[Date "2004.11.25"]
[Round "2"]
[White "Ibragimov, Ildar"]
[Black "Fishbein, Alexander"]
[Result "1-0"]
[WhiteElo "2585"]
[BlackElo "2505"]
[Annotator "Bangiev,A"]
[PlyCount "79"]
[EventDate "2004.11.24"]
[EventType "swiss"]
[EventRounds "9"]
[EventCountry "USA"]
[SourceTitle "CBM 105"]
[Source "ChessBase"]
[SourceDate "2005.04.11"]
[SourceVersion "1"]
[SourceVersionDate "2005.04.11"]
[SourceQuality "1"]

1. e4 c5 2. Nc3 Nc6 3. Bb5 g6 4. Bxc6 dxc6 5. d3 Bg7 6. Be3 b6 7. Qd2 e5 8.
Nge2 Nf6 9. Bh6 Bxh6 10. Qxh6 Be6 11. h3 Qd6 {[%csl Gc7,Gg7][%cal Yf6g7] Die
Felder f6,f7 sind nicht ausreichend gesichert. Weiß soll am Königsflügel aktiv
handeln, die Felder f6,g7 anzugreifen, eine schwarzfeldrige Initiative
anstreben. Die kurze Rochade gefolgt von Vorstoß f4 soll dafür ein geeignetes
Mittels sein.} 12. O-O O-O-O 13. f4 $1 {[%cal Yf6g7]} exf4 14. Qxf4 $1 {
[%mdl 32] Hier liegt die folgende strategische Überlegung zu Grunde, nämlich,
Weiß ist bestrebt die Stellung zu vereinfachen, und den Druck am
Königsstellung zu verstärken, weil zum ersten, der schwarze König ist von den
kritischen Feldern f6,f7, g7 weit entfernt, zum anderen verfügt der Weiße über
die bessere Bauernstruktur.} (14. Nxf4 $14) 14... Qxf4 15. Nxf4 {[%csl Gf7,Gg7]
} Nd7 $6 {Dies schwächt das Feld f7, was der Schwarze im Gegenteil beschützen
sollte.} (15... Rhf8 {[%csl Gf7]} 16. e5 (16. Nxe6 fxe6 {[%csl Gf7]}) 16... Nd7
17. Rae1 $14) 16. Nxe6 fxe6 {[%csl Gf7,Gg7]} 17. Rf7 $16 Rdf8 18. Raf1 e5 19.
Rg7 Rxf1+ 20. Kxf1 a5 21. Ke2 Kd8 22. a4 {[%csl Gb6] Ein guter Zug: Legt den
schwachen Bauern b6 fest.} Nf6 $6 (22... Kc7 23. b3 Kd6 24. Nd1 $16) 23. g4 Rf8
24. b3 Re8 25. Rf7 $18 Re6 26. g5 Nh5 27. Rxh7 Nf4+ 28. Kf3 Re8 29. Ne2 Ne6 30.
h4 Rf8+ 31. Kg2 Rg8 32. Kg3 Ng7 33. Kg4 Ke8 34. Ng3 Ne6 35. h5 gxh5+ 36. Rxh5
Nd4 37. Nf5 Nxc2 38. Rh7 Nd4 39. Nxd4 exd4 40. Rb7 1-0